000 01219nam a2200253Ia 4500
999 _c38142
_d38142
001 4132
003 GE_BSU
005 20190927104400.0
008 181216s1961||||ge |||||||||||||| ||geo||
040 _cGE_BSU
041 _ageo
080 _a398(479.223)
100 _aნოღაიდელი, ჯ.
_94344
245 _aმასალები აჭარული მუსიკალური ფოლკლორიდან /
_cა. ინაიშვილი, ჯ. ნოღაიდელი, გრ. ჩხიკვაძე.
264 _aთბ. :
_bსაქ. სსრ მეცნ. აკად. გამ-ბა.
_c1961.
300 _a69 გვ. ;
_b26 სმ.
504 _a ბიბლიოგრ. შენიშვნებში.
520 _aრეზ. რუს. ენ.
653 _a აჭარის მუსიკალური ფოლკლორი
700 _aნოღაიდელი, ჯ.
_eავტორი
_94345
700 _aჩხიკვაძე, გრ.
_eავტორი
_94346
710 _aსაქ. სსრ მეცნ. აკად., ბათუმის სამეცნ.-კვლევ. ინ-ტი.
_94130
942 _cBK
_2udc